Statystyki dla Rozpoznaj państwo po zdjęciu #3

Kliknij tutaj aby rozwiązać quiz!

Ogólne statystyki

  • Ten quiz został rozwiązany 60 razy
    (52 od ostatniego zresetowania)
  • Średni wynik to 4 z 10

Statystyki odpowiedzi

Odpowiedź% Poprawnych
Korea Południowa
84%
Tajlandia
62%
Arabia Saudyjska
60%
Chorwacja
51%
Chile
49%
Tanzania
47%
Portugalia
44%
Panama
16%
Turkmenistan
16%
Kiribati
9%

Rozkład punktacji

Percentyl według liczby udzielonych odpowiedzi

Procent ludzi z każdym wynikiem

Twoja historia wyników

Nie rozwiązałeś tego quizu od ostatniego zresetowania